logo

Bir Sreshtho Munshi Abdur Rouf Library
Jhenaidah Cadet College

Computers : (Record no. 6937)

MARC details
000 -LEADER
fixed length control field 00752cam a2200253 4500
001 - CONTROL NUMBER
JCCL Control Number 6937
003 - CONTROL NUMBER IDENTIFIER
JCCL marc code UkOxU
005 - DATE AND TIME OF LATEST TRANSACTION
control field 20180210164811.0
008 - FIXED-LENGTH DATA ELEMENTS--GENERAL INFORMATION
fixed length control field 740608s1967 nyua b 000 0 eng
035 ## - SYSTEM CONTROL NUMBER
system control number (BD-JhCC) 6937
040 ## - CATALOGING SOURCE
Original cataloging agency DLC
Transcribing agency DLC
Modifying agency UKM
-- EQO
041 ## - LANGUAGE CODE
Language code of Book eng
050 00 - LIBRARY OF CONGRESS CALL NUMBER
Classification number QA76
Item number .D3
082 00 - DEWEY DECIMAL CLASSIFICATION NUMBER
Classification number 004
Author mark and Year DAV 1967
100 1# - MAIN ENTRY--PERSONAL NAME
Personal name Davidson, Charles H.
245 10 - TITLE STATEMENT
Title Computers :
Remainder of title introduction to computers and applied computing concepts /
Statement of responsibility, etc [by] Charles H. Davidson [and] Eldo C. Koenig.
260 ## - PUBLICATION, DISTRIBUTION, ETC. (IMPRINT)
Place of publication, distribution, etc New York ;
-- London :
Name of publisher, distributor, etc Wiley,
Date of publication, distribution, etc [1967]
300 ## - PHYSICAL DESCRIPTION
Pagination xii, 596 p.
Other physical details illus.
Dimensions 24 cm.
504 ## - BIBLIOGRAPHY, ETC. NOTE
Bibliography, etc Bibliography: p. 512-513.
650 #0 - SUBJECT ADDED ENTRY--TOPICAL TERM
Topical term or geographic name as entry element Computers.
700 1# - ADDED ENTRY--PERSONAL NAME
Personal name Koenig, Eldo C.
Fuller form of name (Eldo Clyde),
Dates associated with a name 1919-
942 ## - ADDED ENTRY ELEMENTS (KOHA)
Source of classification or shelving scheme Dewey Decimal Classification
Koha item type Books
Holdings
Source of classification or shelving scheme Damaged status Not for loan Home library Current library Shelving location Total Checkouts Full call number Barcode Date last seen Copy number Koha item type
Dewey Decimal Classification     JCC Rouf Library JCC Rouf Library General Stacks   004 DAV 1967 8646 02/01/2018 C - 1 Books

JCC Library | Contacts | JCC Home

Last Update on 23 September 2017
Copyright @ 2017-2020 JCC Rouf Library
Rouf Library, Jhenidah Cadet College (JCC), Bangladesh